Vybrané stati z výbojů elektřiny

Salvato in:
Dettagli Bibliografici
Autore principale: Pachner, J (Autore)
Natura: Libro
Lingua:ceco
Pubblicazione: Praha, 1951
Tags: Aggiungi Tag
Nessun Tag, puoi essere il primo ad aggiungerne!!

MARC

LEADER 00000nam a22000003a 4500
001 stu208427
005 20150617230059.9
008 100728s1951------------------------cze-d
040 |a STU  |b slo 
041 0 |a cze 
100 1 |a Pachner, J  |4 aut 
245 1 |a Vybrané stati z výbojů elektřiny 
260 |a Praha,  |c 1951 
996 |b E12284  |c E*12284  |l EE11  |s P  |a 0  |w stu208427_0001